LDR 01063naa#a2200181#i#450# 001 RU\\bibl\121289 005 20260517061829.7 011 ## _a1994-4683 100 ## _a20230803b2023####ek#y0rusy0150####ca 102 ## _aRU 200 1# _aПЕДАГОГИЧЕСКИЕ УСЛОВИЯ СОПРОВОЖДЕНИЯ ПРОЕКТНОЙ ДЕЯТЕЛЬНОСТИ ПОДРОСТКОВ С РАЗНЫМИ УРОВНЯМИ МОТИВАЦИОННОЙ ГОТОВНОСТИ К НАУЧНОМУ ТВОРЧЕСТВУ _eЖурнальная статья 210 1# _aМосква _cНациональный государственный Университет физической культуры, спорта и здоровья им. П.Ф. Лесгафта _d2023 215 ## _a5 с. 608 ## _aЖурнальная статья _2local 675 ## _aПрофессиональные консультации, профессиональная помощь в школе. 37.048.4 _z 700 #1 _aКульмаметьева _gЭ С 700 #1 _aНиясова _gН С 856 4# _auchzapiski.lesgaft.spb.ru _u